|
|
|
|
| LEADER |
03670nam a2200565 4500 |
| 001 |
978-3-030-15538-4 |
| 003 |
DE-He213 |
| 005 |
20191024072053.0 |
| 007 |
cr nn 008mamaa |
| 008 |
190307s2019 gw | s |||| 0|eng d |
| 020 |
|
|
|a 9783030155384
|9 978-3-030-15538-4
|
| 024 |
7 |
|
|a 10.1007/978-3-030-15538-4
|2 doi
|
| 040 |
|
|
|d GrThAP
|
| 050 |
|
4 |
|a QA76.758
|
| 072 |
|
7 |
|a UMZ
|2 bicssc
|
| 072 |
|
7 |
|a COM051230
|2 bisacsh
|
| 072 |
|
7 |
|a UMZ
|2 thema
|
| 082 |
0 |
4 |
|a 005.1
|2 23
|
| 245 |
1 |
0 |
|a Requirements Engineering: Foundation for Software Quality
|h [electronic resource] :
|b 25th International Working Conference, REFSQ 2019, Essen, Germany, March 18-21, 2019, Proceedings /
|c edited by Eric Knauss, Michael Goedicke.
|
| 250 |
|
|
|a 1st ed. 2019.
|
| 264 |
|
1 |
|a Cham :
|b Springer International Publishing :
|b Imprint: Springer,
|c 2019.
|
| 300 |
|
|
|a XIII, 306 p. 67 illus., 35 illus. in color.
|b online resource.
|
| 336 |
|
|
|a text
|b txt
|2 rdacontent
|
| 337 |
|
|
|a computer
|b c
|2 rdamedia
|
| 338 |
|
|
|a online resource
|b cr
|2 rdacarrier
|
| 347 |
|
|
|a text file
|b PDF
|2 rda
|
| 490 |
1 |
|
|a Programming and Software Engineering ;
|v 11412
|
| 505 |
0 |
|
|a Automated Analysis -- Making Sense of Requirements -- Tracelink Quality -- Requirements Management (Research Previews). -From Vision to Specification -- Automated Analysis (Research Previews) -- Requirements Monitoring -- Open Source -- Managing Requirements Knowledge at a Large Scale -- in Situ/Walkthroughs (Research previews).
|
| 520 |
|
|
|a This book constitutes the proceedings of the 25th International Working Conference on Requirements Engineering - Foundation for Software Quality, REFSQ 2019, held in Essen, Germany, in March 2019. The 13 full papers and 9 short papers in this volume were carefully reviewed and selected from 66 submissions. The papers were organized in topical sections named: Automated Analysis; Making Sense of Requirements; Tracelink Quality; Requirements Management (Research Previews); From Vision to Specification; Automated Analysis (Research Previews); Requirements Monitoring; Open Source; Managing Requirements Knowledge at a Large Scale; in Situ/Walkthroughs (Research previews).
|
| 650 |
|
0 |
|a Software engineering.
|
| 650 |
|
0 |
|a Programming languages (Electronic computers).
|
| 650 |
|
0 |
|a Application software.
|
| 650 |
|
0 |
|a Artificial intelligence.
|
| 650 |
|
0 |
|a User interfaces (Computer systems).
|
| 650 |
1 |
4 |
|a Software Engineering.
|0 http://scigraph.springernature.com/things/product-market-codes/I14029
|
| 650 |
2 |
4 |
|a Programming Languages, Compilers, Interpreters.
|0 http://scigraph.springernature.com/things/product-market-codes/I14037
|
| 650 |
2 |
4 |
|a Information Systems Applications (incl. Internet).
|0 http://scigraph.springernature.com/things/product-market-codes/I18040
|
| 650 |
2 |
4 |
|a Artificial Intelligence.
|0 http://scigraph.springernature.com/things/product-market-codes/I21000
|
| 650 |
2 |
4 |
|a User Interfaces and Human Computer Interaction.
|0 http://scigraph.springernature.com/things/product-market-codes/I18067
|
| 700 |
1 |
|
|a Knauss, Eric.
|e editor.
|0 (orcid)0000-0002-6631-872X
|1 https://orcid.org/0000-0002-6631-872X
|4 edt
|4 http://id.loc.gov/vocabulary/relators/edt
|
| 700 |
1 |
|
|a Goedicke, Michael.
|e editor.
|4 edt
|4 http://id.loc.gov/vocabulary/relators/edt
|
| 710 |
2 |
|
|a SpringerLink (Online service)
|
| 773 |
0 |
|
|t Springer eBooks
|
| 776 |
0 |
8 |
|i Printed edition:
|z 9783030155377
|
| 776 |
0 |
8 |
|i Printed edition:
|z 9783030155391
|
| 830 |
|
0 |
|a Programming and Software Engineering ;
|v 11412
|
| 856 |
4 |
0 |
|u https://doi.org/10.1007/978-3-030-15538-4
|z Full Text via HEAL-Link
|
| 912 |
|
|
|a ZDB-2-SCS
|
| 912 |
|
|
|a ZDB-2-LNC
|
| 950 |
|
|
|a Computer Science (Springer-11645)
|